000 00421nam a2200193Ia 4500
001 084221
003 YMCAF
005 20230512161438.0
008 100717s2001 ||||||||||||||||| ||und|d
024 _a84221
035 _a23681
040 _aYMCAF
_beng
_cIN-KoLT
041 _aeng
100 _aDixson, Robert J
245 0 _aEveryday dialogues in english
260 _bPHI
_c2001
300 _a190
942 _2ddc
_cBK
999 _c8617
_d8617